Biblioteca

Response to Miroslav Volf (Registro nro. 57419)

Detalles MARC
000 -LÍDER
Campo fijo de descripción fija 01279aab a2200241 i 4500
001 - NÚMERO DE CONTROL
Campo de control 768714001
003 - IDENTIFICADOR DEL NÚMERO DE CONTROL
Campo de control CO-MdFUSB
005 - FECHA Y HORA DE LA ULTIMA TRANSACCIÓN
control field 20240805091110.0
008 - ELEMENTOS DE LONGITUD FIJA -- INFORMACIÓN GENERAL
Campo fijo de descripción fija -- Información general 240805t1996 -us||||| |||| 00| 0 eng d
040 ## - FUENTE DE CATALOGACIÓN
Idioma de catalogación spa
Agencia que realiza la transcripción CO-MdFUSB
041 ## - CÓDIGO DE IDIOMA
Código de idioma para texto/pista de sonido o título separado eng
100 1# - ASIENTO PRINCIPAL--NOMBRE PERSONAL
Nombre personal Kishkovsky, Leond
Término relacionador auotr
245 00 - TÍTULO
Título Response to Miroslav Volf
Mención de responsabilidad / Leond Kishkovsky
520 ## - NOTA DE RESUMEN, ETC.
Nota de sumario, etc. La cuestión de la misión y el proselitismo en Europa del Este debe analizarse desde una perspectiva protestante y ortodoxa para comprender las implicaciones del problema para la misión cristiana. Según la fe ortodoxa, la cultura desempeña un papel importante en la comprensión del mensaje del Evangelio. Sin embargo, la cultura no debe verse como una trampa o un obstáculo, ya que está impresa con la imagen de Cristo para permitir que las personas que han sido privadas de esta imagen se conviertan en testigos de la fe cristiana.
546 ## - NOTA DE IDIOMA
Nota de idioma Texto en inglés.
650 #0 - ASIENTO SECUNDARIO DE MATERIA - TERMINO TEMÁTICO
Término temático o nombre geográfico como elemento de entrada Evangelización
9 (RLIN) 362
650 #7 - ASIENTO SECUNDARIO DE MATERIA - TERMINO TEMÁTICO
Término temático o nombre geográfico como elemento de entrada Religión
9 (RLIN) 385
650 #0 - ASIENTO SECUNDARIO DE MATERIA - TERMINO TEMÁTICO
Término temático o nombre geográfico como elemento de entrada Protestantismo
9 (RLIN) 947
650 #7 - ASIENTO SECUNDARIO DE MATERIA - TERMINO TEMÁTICO
Término temático o nombre geográfico como elemento de entrada Antropología cultural y social
9 (RLIN) 6714
773 0# - ASIENTO DE ITEM FUENTE
Título International Bulletin
Biblionumber 49483
Itemnumber 61012
Parte(s) relacionada(s) / Volumen., número. (mes año), páginas Volumen 20, (número 1, 1996), páginas: 31 - 32
Enumeración y primera página página: 31
942 ## - TIPO DE MATERIAL (KOHA)
Tipo de Item KOHA Artículos de Revista
945 ## - INFORMACIÓN LOCAL DEL REGISTRO
Catalogador Catherine Arias Álvarez - Practicante SENA

No hay ítems disponibles.

Biblioteca FUSBC | Teléfono: (57+4) 349 88 10 Ext. 141| WhatsApp (+57) 3005338115 
E-mail: biblioteca@unisbc.edu.co | Calle 76 87-14 Robledo Palenque, Medellín, Colombia

Con tecnología Koha